[Event "24th European Teams Women"]
[Site "Budva MNE"]
[Date "2023.11.20"]
[Round "9.11"]
[White "Brunello, Marina"]
[Black "Vanduyfhuys, Daria"]
[Result "1-0"]
[WhiteElo "2343"]
[BlackElo "2083"]
[EventDate "2021.11.11"]
[Board "1"]

1. e4 c5 2. Nf3 d6 3. d4 cxd4 4. Nxd4 Nf6 5. Nc3 a6 6. a4 e5 7. Nf3 Be7 8.
Bg5 Be6 9. Bxf6 Bxf6 10. Nd5 Nd7 11. Bc4 Rc8 12. b3 O-O 13. O-O Bg5 14. Re1
Kh8 15. Qe2 Bg4 16. h3 Bh5 17. Rad1 Nc5 18. g4 Bg6 19. Nc3 Bf4 20. b4 Ne6
21. Nd5 h5 22. Bb3 a5 23. c3 Bh6 24. Rd3 Re8 25. Qf1 Rc6 26. Qe2 Qc8 27.
Nh4 axb4 28. Nf5 Bxf5 29. gxf5 Nc5 30. Rg3 h4 31. Rg2 Nxb3 32. Qh5 Rxc3 33.
f6 Re6 34. Ne7 Rxf6 35. Nxc8 Rxc8 36. Qg4 Rc3 37. Qd7 Nd2 38. Rd1 b3 39.
Qxb7 Rxh3 40. Qc8+ Kh7 41. Qxh3 b2 42. Qd3 Nf3+ 43. Kh1 Bc1 44. Qb1 Rf4 45.
a5 f5 46. a6 Rxe4 47. a7 Ra4 48. Qxf5+ Kg8 49. Qc8+ Kh7 50. Qc2+ e4 51.
a8=Q 1-0

[Event "24th European Teams Women"]
[Site "Budva MNE"]
[Date "2023.11.20"]
[Round "9.11"]
[White "De Rycke, Tyani"]
[Black "Zimina, Olga"]
[Result "1/2-1/2"]
[WhiteElo "2007"]
[BlackElo "2277"]
[EventDate "2021.11.11"]
[Board "2"]

1. e4 e5 2. Nf3 Nc6 3. Bc4 Nf6 4. d3 d5 5. exd5 Nxd5 6. O-O Nb6 7. Bb3 Bg4
8. h3 Bh5 9. Re1 Qe7 10. Be3 O-O-O 11. Nc3 f6 12. a4 a5 13. Bxb6 cxb6 14.
Nb5 g5 15. Qe2 Re8 16. Qe3 Qd8 17. d4 e4 18. Nd2 f5 19. Nc4 f4 20. Qd2 Kb8
21. c3 Na7 22. Qc2 Nxb5 23. axb5 Bg6 24. Ne5 Rxe5 25. dxe5 e3 26. Rad1 Qe8
27. Qe2 Bc5 28. Rd4 Qxe5 29. fxe3 Re8 30. Rd5 Qxe3+ 31. Qxe3 Bxe3+ 32. Kf1
Bf7 33. Red1 Bxd5 34. Rxd5 h6 35. Rd6 Re5 36. Rd5 Re7 37. Rd6 h5 38. Rd5
Rg7 39. h4 gxh4 40. Rxh5 Rd7 41. Rd5 Rh7 42. Bc2 Rh6 43. Bf5 f3 44. Rd8+
Ka7 45. Rd3 Rf6 46. Be4 fxg2+ 47. Kxg2 Bc5 48. Rd7 Kb8 49. Rxb7+ Kc8 50.
Kh3 Rf2 51. b4 axb4 52. cxb4 Bd4 53. Rh7 Bf6 54. Rf7 Rf4 55. Bc6 Rf2 56.
Bb7+ Kd8 57. Bc6 Rf4 58. Rd7+ Kc8 59. Rf7 Rf2 60. Bb7+ Kd8 1/2-1/2

[Event "24th European Teams Women"]
[Site "Budva MNE"]
[Date "2023.11.20"]
[Round "9.11"]
[White "Gueci, Tea"]
[Black "Vanhuyse, Nele"]
[Result "1-0"]
[WhiteElo "2160"]
[BlackElo "1970"]
[EventDate "2021.11.11"]
[Board "3"]

1. e4 c5 2. Nf3 d6 3. Bb5+ Nd7 4. Ba4 e6 5. O-O a6 6. c4 Nf6 7. Nc3 Be7 8.
d4 cxd4 9. Nxd4 O-O 10. Qe2 Qc7 11. Kh1 Ne5 12. Bb3 Bd7 13. f4 Nc6 14. Nf3
Na5 15. e5 Ne8 16. f5 Nxb3 17. axb3 dxe5 18. Nxe5 Bc8 19. Bf4 Qb6 20. Na4
Qxb3 21. Rf3 Qb4 22. Bd2 Qd6 23. c5 Qc7 24. Bf4 Bf6 25. Nb6 Ra7 26. Ned7 e5
27. Nxf8 Kxf8 28. Nd5 Qc6 29. Nxf6 gxf6 30. Bh6+ Ke7 31. Rd1 Ra8 32. Qd2
Bd7 33. Rg3 Bxf5 34. Rg8 Rc8 35. Bf8+ Ke6 36. Qc3 Be4 37. Qb3+ Bd5 38. Qh3+
f5 39. Rg5 Be4 40. Rf1 Kd7 41. Qxh7 Qe6 42. Rd1+ Kc7 43. Bd6+ Nxd6 44.
cxd6+ Kb8 45. Rg8 Bd5 46. Qh8 Bc6 47. Rxc8+ Qxc8 48. Qxe5 Qd7 49. Qe7 b6
50. Qxd7 Bxd7 51. h4 Kc8 52. h5 f4 53. Rf1 1-0

[Event "24th European Teams Women"]
[Site "Budva MNE"]
[Date "2023.11.20"]
[Round "9.11"]
[White "Barbier, Wiebke"]
[Black "Cassi, Elisa"]
[Result "1/2-1/2"]
[WhiteElo "1923"]
[BlackElo "1951"]
[EventDate "2021.11.11"]
[Board "4"]

1. e4 c6 2. d4 d5 3. exd5 cxd5 4. c4 Nf6 5. Nc3 g6 6. cxd5 Bg7 7. Be2 Nbd7
8. Nh3 Nb6 9. Nf4 Nfxd5 10. Nfxd5 Nxd5 11. Qb3 Nxc3 12. bxc3 O-O 13. O-O
Qc7 14. Bf3 Bf5 15. Be3 Rab8 16. Rfd1 Rfc8 17. Rac1 b5 18. g4 Bd7 19. h4 a5
20. Qb1 Qc4 21. Kg2 e6 22. h5 Bc6 23. h6 Bxf3+ 24. Kxf3 Bf6 25. g5 Be7 26.
Bf4 Rb6 27. Kg4 Qd5 28. f3 Rbc6 29. Qd3 Qf5+ 30. Kg3 Qxd3 31. Rxd3 b4 32.
Bd2 a4 33. f4 Kf8 34. Kf3 Bd6 35. Ke4 Rc4 36. Rf3 Ke7 37. Kd3 bxc3 38. Rxc3
Rxc3+ 39. Bxc3 Ba3 40. Rf1 Rb8 41. Re1 Rb5 42. Kc4 Rf5 43. Bd2 Kd6 44. Rb1
Kc6 45. Rb8 Bd6 46. Rh8 Bxf4 47. Bxf4 Rxf4 48. Rxh7 e5 49. Rh8 Rxd4+ 50.
Kc3 Kd7 51. Ra8 Rh4 52. Ra6 Rg4 53. Ra8 Rh4 54. Ra6 Ke7 55. Kd3 Rh3+ 56.
Ke4 Rh5 57. Ra7+ Kf8 1/2-1/2

[Event "24th European Teams Women"]
[Site "Budva MNE"]
[Date "2023.11.20"]
[Round "9.12"]
[White "Prudnykova, Olga"]
[Black "Atalik, Ekaterina"]
[Result "0-1"]
[WhiteElo "2273"]
[BlackElo "2404"]
[EventDate "2021.11.11"]
[Board "1"]

1. e4 c6 2. c4 e5 3. d4 d6 4. Nf3 Bg4 5. dxe5 Bxf3 6. Qxf3 dxe5 7. Nc3 Nf6
8. Be2 Nbd7 9. Qg3 Bc5 10. O-O O-O 11. Bh6 Ne8 12. Rad1 Bd4 13. Be3 Bxe3
14. Qxe3 Qe7 15. Bg4 Ndf6 16. Bh3 Nc7 17. a3 b6 18. b4 Rfd8 19. f4 Rxd1 20.
Rxd1 Re8 21. Qd2 exf4 22. Qxf4 g6 23. Rd6 Nh5 24. Qd2 c5 25. bxc5 bxc5 26.
Bg4 Nf6 27. Bf3 Qe5 28. Rd8 Rxd8 29. Qxd8+ Kg7 30. Qd3 Ne6 31. Nd5 Nd4 32.
a4 Qb8 33. a5 Nd7 34. Qe3 Ne5 35. Be2 Qd8 36. Qf2 Nxe2+ 37. Qxe2 Qxa5 38.
h3 Qa1+ 39. Kh2 Qd4 40. Qa2 Nxc4 41. Qxa7 Nd2 42. Nc7 Nf1+ 43. Kh1 Ng3+ 44.
Kh2 Qe5 45. Ne6+ Qxe6 46. Kxg3 Qe5+ 47. Kf3 h5 48. g3 c4 49. Qa4 Qc3+ 50.
Kf4 Qd2+ 51. Kf3 Qd3+ 52. Kf4 c3 53. Qa1 Qd2+ 54. Kf3 Qb2 0-1

[Event "24th European Teams Women"]
[Site "Budva MNE"]
[Date "2023.11.20"]
[Round "9.12"]
[White "Aydin, Gulenay"]
[Black "Ptacnikova, Lenka"]
[Result "1-0"]
[WhiteElo "2197"]
[BlackElo "2079"]
[EventDate "2021.11.11"]
[Board "2"]

1. e4 c5 2. Nf3 e6 3. c3 Nf6 4. e5 Nd5 5. d4 cxd4 6. cxd4 b6 7. Bc4 Bb7 8.
Bxd5 Bxd5 9. Nc3 Bxf3 10. Qxf3 Nc6 11. Be3 Bb4 12. Qg3 Bxc3+ 13. bxc3 Kf8
14. O-O h6 15. Rfd1 Ne7 16. Bc1 Rc8 17. Ba3 Kg8 18. Qd3 Nc6 19. c4 g6 20.
Rac1 Qg5 21. Bd6 Kg7 22. Qa3 Rhe8 23. Rc3 Qg4 24. Rcd3 Na5 25. h3 Qe2 26.
c5 Rc6 27. Qa4 Qe4 28. Re3 Qd5 29. Rf3 Qc4 30. Qa3 Qc2 31. Rc1 Qd2 32. Rd3
Qg5 33. Rc2 Rec8 34. Rdc3 Qh4 35. cxb6 axb6 36. Be7 Qxd4 37. Bf6+ Kg8 38.
Rxc6 dxc6 39. Qc1 Kh7 40. Rd2 Qb4 41. Rd7 Qf8 42. Qf4 Kg8 43. h4 c5 44. Be7
Qg7 45. Bf6 Qf8 46. h5 g5 47. Qg3 Qe8 48. Bxg5 hxg5 49. Qxg5+ Kh7 50. Qg6+
1-0

[Event "24th European Teams Women"]
[Site "Budva MNE"]
[Date "2023.11.20"]
[Round "9.12"]
[White "Johannsdottir, Johanna Bjorg"]
[Black "Isgenderova, Hayale"]
[Result "0-1"]
[WhiteElo "1999"]
[BlackElo "2086"]
[EventDate "2021.11.11"]
[Board "3"]

1. e4 e6 2. d4 d5 3. Nd2 c5 4. Ngf3 cxd4 5. exd5 Qxd5 6. Bc4 Qd6 7. O-O Nf6
8. Nb3 Nc6 9. Nbxd4 Nxd4 10. Nxd4 a6 11. Re1 Be7 12. c3 O-O 13. Qf3 Qc7 14.
Bd3 Bd6 15. h4 b6 16. Bg5 Bb7 17. Qh3 Nd5 18. Ne2 h6 19. Bd2 Rad8 20. Rad1
Nf4 21. Nxf4 Bxf4 22. Bxf4 Qxf4 23. Re3 e5 24. Rde1 Rfe8 25. g3 Qf6 26. f4
Rd5 27. c4 Rxd3 28. Rxd3 Qc6 29. fxe5 Qc5+ 30. Kf1 Qxc4 31. Qd7 Bc6 32. Qd6
Bb5 33. Rd1 Qc2 34. Ke1 Bxd3 35. Rxd3 Qxb2 36. Rd5 Rc8 37. Rd2 Qb1+ 38. Ke2
Qe4+ 39. Kf2 Rc3 40. Qd5 Qe3+ 41. Kf1 Qxg3 42. Qa8+ Kh7 43. Qe4+ g6 44. e6
Rc1+ 0-1

[Event "24th European Teams Women"]
[Site "Budva MNE"]
[Date "2023.11.20"]
[Round "9.12"]
[White "Kocyigit, Buse Naz"]
[Black "Thorsteinsdottir, Hallgerdur"]
[Result "1-0"]
[WhiteElo "2005"]
[BlackElo "1943"]
[EventDate "2021.11.11"]
[Board "4"]

1. Nf3 Nf6 2. d4 e6 3. c4 b6 4. g3 Bb7 5. Bg2 Be7 6. O-O O-O 7. Nc3 Ne4 8.
Qc2 Nxc3 9. bxc3 f5 10. d5 c6 11. Rd1 Qc8 12. Nd4 c5 13. Nf3 d6 14. e4 exd5
15. exd5 Qd8 16. h4 h6 17. Bh3 Bc8 18. Re1 Na6 19. Bf4 Nc7 20. Qd2 Rf7 21.
h5 a6 22. a4 Rb8 23. Re3 Bd7 24. Rae1 Bc8 25. R1e2 b5 26. axb5 axb5 27. Qe1
Kf8 28. Nh4 Bxh4 29. Bxd6+ Be7 30. Rxe7 1-0

[Event "24th European Teams Women"]
[Site "Budva MNE"]
[Date "2023.11.20"]
[Round "9.13"]
[White "Medic, Mirjana"]
[Black "Repkova, Eva"]
[Result "1/2-1/2"]
[WhiteElo "2166"]
[BlackElo "2323"]
[EventDate "2021.11.11"]
[Board "1"]

1. d4 d5 2. c4 e6 3. Nc3 a6 4. cxd5 exd5 5. Nf3 c6 6. Qc2 Nf6 7. Bg5 Be7 8.
e3 h6 9. Bh4 O-O 10. Bd3 Re8 11. O-O Nbd7 12. Rab1 Ne4 13. Bxe7 Qxe7 14.
Bxe4 dxe4 15. Nd2 Nf6 16. Nc4 Bf5 17. Rfd1 Rad8 18. a3 Qe6 19. Nb6 Bg4 20.
Rdc1 Qf5 21. Ne2 Qg5 22. Nf4 Qh4 23. Qc5 Be6 24. h3 Bd5 25. b4 Nd7 26. Nxd7
Rxd7 27. a4 Qf6 28. Rb2 g5 29. Nh5 Qg6 30. Ng3 f5 31. Ne2 f4 32. exf4 e3
33. f3 gxf4 34. Nxf4 Qg3 35. Nxd5 Rxd5 1/2-1/2

[Event "24th European Teams Women"]
[Site "Budva MNE"]
[Date "2023.11.20"]
[Round "9.13"]
[White "Hagarova, Zuzana"]
[Black "Berke, Ana"]
[Result "1-0"]
[WhiteElo "2292"]
[BlackElo "2078"]
[EventDate "2021.11.11"]
[Board "2"]

1. e4 c5 2. Nf3 d6 3. d4 cxd4 4. Nxd4 Nf6 5. Nc3 a6 6. Bg5 Nbd7 7. Qe2 e6
8. O-O-O Qc7 9. f4 b5 10. a3 Be7 11. Bxf6 Nxf6 12. g4 h6 13. Bg2 Bb7 14. h4
Nd7 15. g5 hxg5 16. hxg5 Rxh1 17. Bxh1 g6 18. Qh2 O-O-O 19. Qh7 e5 20. Ne6
fxe6 21. Qxe7 Nc5 22. Qf6 exf4 23. Qxf4 Qe7 24. e5 dxe5 25. Bxb7+ Nxb7 26.
Qxe5 Rxd1+ 27. Nxd1 Qd6 28. Qe4 e5 29. Nc3 Nc5 30. Qa8+ Kd7 31. Qf3 Qe7 32.
Qd5+ Qd6 33. Qf7+ Kc6 34. b4 Nb7 35. Ne4 Qd4 36. Qxg6+ Kc7 37. Kb1 a5 38.
Qf7+ Kb6 39. Qf6+ Ka7 40. Qf2 Qxf2 41. Nxf2 Nd6 42. g6 Nf5 43. Ng4 axb4 44.
axb4 e4 45. Kc1 Kb6 46. Nf6 Kc6 47. Kd2 e3+ 48. Kd3 Kd6 49. Ng4 Ke6 50.
Nxe3 Ne7 51. g7 Kf7 52. Kd4 Kxg7 53. Kc5 Kf7 54. Kxb5 Ke6 55. Kc5 Kd7 56.
b5 Kc8 57. Nd5 Nf5 58. Kb6 Kb8 59. c4 Nd6 60. c5 Nc8+ 61. Ka6 Na7 62. Nb6
1-0

[Event "24th European Teams Women"]
[Site "Budva MNE"]
[Date "2023.11.20"]
[Round "9.13"]
[White "Ivekovic, Tihana"]
[Black "Borosova, Zuzana"]
[Result "1/2-1/2"]
[WhiteElo "2136"]
[BlackElo "2262"]
[EventDate "2021.11.11"]
[Board "3"]

1. d4 d5 2. c4 c6 3. cxd5 cxd5 4. Bf4 Nf6 5. e3 Nc6 6. Nc3 Bf5 7. Qb3 Na5
8. Qa4+ Bd7 9. Qc2 Rc8 10. Bd3 e6 11. Nf3 Be7 12. h3 O-O 13. O-O h6 14. Qe2
Bb4 15. Rfc1 a6 16. Ne5 Qe7 17. Nd1 Ba4 18. Bg3 Ne4 19. Bf4 Rfd8 20. f3 Nf6
21. Bg3 Nh5 22. Be1 Be8 23. g4 Nf6 24. Bh4 g5 25. Be1 Nh7 26. Kg2 Nf8 27.
f4 f6 28. Nf3 Bg6 29. Nf2 Bxe1 30. Rxe1 Qd6 31. f5 exf5 32. gxf5 Bh5 33.
Ng4 Kg7 34. Rac1 Re8 35. Qd2 Nc6 36. a3 Bf7 37. Nf2 Bh5 38. Ng4 Bf7 39. Nf2
Qd7 40. Bb1 Ne7 41. Qd3 Rxc1 42. Rxc1 Rc8 43. Rc5 Rc6 44. Nh1 Qd6 45. Rxc6
Nxc6 46. Ng3 Nd7 47. Ba2 Qc7 48. Qc3 Qb6 49. Bb1 Ne7 50. h4 Qc6 51. hxg5
hxg5 52. Qd2 Kf8 53. Qc2 Ke8 54. Qxc6 Nxc6 55. Kf2 Ke7 56. Nd2 Nb6 57. b3
Nc8 58. Ke2 Nd6 59. Bd3 a5 60. Nb1 Kd7 61. Nc3 b6 62. Kf3 Ne7 63. Kg4 Kc6
64. a4 Ng8 65. Nb5 Ne8 66. Kf3 Nd6 1/2-1/2

[Event "24th European Teams Women"]
[Site "Budva MNE"]
[Date "2023.11.20"]
[Round "9.13"]
[White "Sucikova, Svetlana"]
[Black "Mihaljevic, Eva"]
[Result "0-1"]
[WhiteElo "2191"]
[BlackElo "2010"]
[EventDate "2021.11.11"]
[Board "4"]

1. Nf3 d5 2. g3 e6 3. Bg2 Nf6 4. O-O Be7 5. c4 O-O 6. b3 b6 7. Bb2 Bb7 8.
e3 Nbd7 9. Qe2 a5 10. Nc3 a4 11. Rab1 axb3 12. axb3 Nc5 13. Ba1 dxc4 14.
bxc4 Qd3 15. Ne5 Qxe2 16. Nxe2 Bxg2 17. Kxg2 Ra2 18. Nc6 Bd6 19. Bc3 Nfe4
20. Nb4 Rxd2 21. Bxd2 Nxd2 22. Ra1 Nxf1 23. Kxf1 Ne4 24. Nc6 Nd2+ 25. Ke1
Nxc4 26. Ned4 Ne5 27. Ra7 Nxc6 28. Nxc6 e5 29. Ke2 f5 30. Rb7 Kf7 31. Kd3
Ke6 32. Kc4 Ra8 33. Na7 g5 34. f3 h5 35. e4 fxe4 36. fxe4 g4 37. Kb5 Rf8
38. Kc6 Rf2 39. Rb8 Rc2+ 40. Kb7 Rxh2 41. Rh8 h4 42. gxh4 g3 43. Rg8 g2 44.
Nc6 Bc5 45. Rg6+ Kd7 46. Nxe5+ Kd8 47. Rg8+ Ke7 48. Nf3 Rh3 49. Rxg2 Rxf3
50. Kxc7 Rf4 51. Kc6 Rxe4 52. h5 Rh4 53. Rg5 Kf6 54. Rd5 Kg7 55. Kd7 Kh6
56. Ke6 Rxh5 57. Rd8 Kg7 58. Rd7+ Kg6 0-1

[Event "24th European Teams Women"]
[Site "Budva MNE"]
[Date "2023.11.20"]
[Round "9.14"]
[White "Newrkla, Katharina"]
[Black "Movsesian, Julia"]
[Result "1/2-1/2"]
[WhiteElo "2227"]
[BlackElo "2249"]
[EventDate "2021.11.11"]
[Board "1"]

1. e4 e5 2. Nf3 Nc6 3. Bb5 a6 4. Ba4 Nf6 5. O-O Be7 6. Re1 b5 7. Bb3 d6 8.
c3 O-O 9. h3 Bb7 10. d4 Nd7 11. Nbd2 exd4 12. cxd4 Bf6 13. Nf1 Na5 14. Bc2
Re8 15. a4 c5 16. Bf4 cxd4 17. Nxd4 Nc5 18. Nf5 Nc4 19. Nxd6 Nxd6 20. Qxd6
Nxe4 21. Qxd8 Raxd8 22. axb5 axb5 23. Ra5 Bxb2 24. Rxb5 Bd4 25. Bxe4 Bxe4
26. Ng3 Bg6 27. Rxe8+ Rxe8 28. Rb8 Rxb8 29. Bxb8 Bd3 30. Nf1 f6 31. Bf4 Kf7
32. Be3 1/2-1/2

[Event "24th European Teams Women"]
[Site "Budva MNE"]
[Date "2023.11.20"]
[Round "9.14"]
[White "Kanakova, Natalie"]
[Black "Trippold, Denise"]
[Result "1-0"]
[WhiteElo "2169"]
[BlackElo "2161"]
[EventDate "2021.11.11"]
[Board "2"]

1. e4 c5 2. Nf3 e6 3. d4 cxd4 4. Nxd4 Nc6 5. Nc3 Qc7 6. Be3 a6 7. Qd2 Nf6
8. O-O-O Be7 9. f3 b5 10. g4 Nxd4 11. Bxd4 Bb7 12. Kb1 O-O 13. Qf2 b4 14.
Na4 d5 15. Nb6 Rad8 16. e5 Nd7 17. Nxd7 Qxd7 18. f4 f6 19. Rg1 fxe5 20.
Bxe5 Bd6 21. Re1 Qc7 22. Qg3 a5 23. Bd3 a4 24. Qh4 g6 25. Bxd6 Qxd6 26. f5
e5 27. fxg6 hxg6 28. Bxg6 Rd7 29. Bf5 Rg7 30. Rg3 e4 31. Qh5 Bc6 32. Rh3
Rf6 33. Rf1 Bb5 34. Rd1 Bc6 35. Qh8+ Kf7 36. Rh7 Rxh7 37. Qxh7+ Kf8 38. g5
Rf7 39. Qh8+ Ke7 40. g6 Rxf5 41. g7 Rg5 42. h4 Rg2 43. Qh7 Kd8 44. g8=Q+
Rxg8 45. Qxg8+ Kc7 46. Qg7+ Bd7 47. Qd4 Be6 48. Qa7+ Kc8 49. Rf1 Bd7 50.
Rf8+ Qxf8 51. Qa8+ 1-0

[Event "24th European Teams Women"]
[Site "Budva MNE"]
[Date "2023.11.20"]
[Round "9.14"]
[White "Teuschler, Barbara"]
[Black "Richterova, Natasa"]
[Result "1/2-1/2"]
[WhiteElo "2093"]
[BlackElo "2172"]
[EventDate "2021.11.11"]
[Board "3"]

1. e4 c6 2. d4 d5 3. e5 Bf5 4. h4 h5 5. Bd3 Bxd3 6. Qxd3 Qa5+ 7. Nd2 e6 8.
Nf3 Qa6 9. c4 Nd7 10. O-O Nh6 11. b3 Nf5 12. a4 Rc8 13. Qb1 Be7 14. Ba3
Bxa3 15. Rxa3 O-O 16. Ra1 g6 17. Rc1 Qb6 18. a5 Qb4 19. Ra4 Qe7 20. g3 c5
21. dxc5 Qxc5 22. b4 Qc7 23. Qb2 b5 24. axb6 Nxb6 25. Ra5 dxc4 26. Qa1 Rfd8
27. Rxa7 Qc6 28. Rc3 Nd4 29. Nxd4 Rxd4 30. Nf3 Rd3 31. Ng5 Rcd8 32. Rc1
R8d7 33. Rxd7 Rxd7 34. Qc3 Rc7 35. Qd4 Nd5 36. Ne4 c3 37. Nf6+ Kg7 38. Nxd5
Qxd5 39. Qf4 Qd2 40. Kg2 Qd5+ 41. Kh2 Rc8 42. Qe3 Qd2 43. Qxd2 cxd2 44. Rd1
1/2-1/2

[Event "24th European Teams Women"]
[Site "Budva MNE"]
[Date "2023.11.20"]
[Round "9.14"]
[White "Lhotska, Anna"]
[Black "Froewis, Annika"]
[Result "1-0"]
[WhiteElo "2125"]
[BlackElo "2151"]
[EventDate "2021.11.11"]
[Board "4"]

1. e4 e5 2. Nf3 Nc6 3. Bb5 a6 4. Ba4 Nf6 5. O-O Be7 6. Re1 b5 7. Bb3 d6 8.
c3 O-O 9. h3 Bb7 10. d4 Re8 11. Nbd2 Bf8 12. Bc2 g6 13. a4 exd4 14. cxd4
Bg7 15. Bb1 b4 16. Nf1 Na5 17. Ng3 c5 18. b3 Rc8 19. Ra2 Qb6 20. d5 Nd7 21.
h4 c4 22. Be3 Nc5 23. bxc4 b3 24. Rae2 Nxc4 25. Bd4 Bxd4 26. Nxd4 Qb4 27.
Qc1 Ne5 28. Ndf5 Ne6 29. Qe3 Rc3 30. Qd2 Ng7 31. Nxd6 Nc4 32. Qd4 Re7 33.
e5 a5 34. Nge4 Nxd6 35. Qxc3 Nxe4 36. Qxb4 axb4 37. Rxe4 Bxd5 38. Rxb4 f6
39. f4 Kf7 40. Rb5 Be6 41. a5 Nh5 42. exf6 Nxf6 43. a6 Re8 44. a7 Ra8 45.
Rb7+ Nd7 46. Be4 1-0

[Event "24th European Teams Women"]
[Site "Budva MNE"]
[Date "2023.11.20"]
[Round "9.15"]
[White "Milovic, Aleksandra"]
[Black "Dolgova, Olga"]
[Result "0-1"]
[WhiteElo "2130"]
[BlackElo "2218"]
[EventDate "2021.11.11"]
[Board "1"]

1. e4 c6 2. d4 d5 3. Nd2 dxe4 4. Nxe4 Nf6 5. Nxf6+ exf6 6. c3 Bd6 7. Bd3
O-O 8. Ne2 Re8 9. Qc2 h5 10. Be3 Nd7 11. O-O-O b5 12. g4 h4 13. g5 fxg5 14.
Rdg1 f6 15. Qb3+ Kh8 16. Qf7 Nf8 17. Ng3 Be6 18. Qh5+ Kg8 19. Nf5 Bf7 20.
Qg4 Ng6 21. Nxd6 Qxd6 22. Rd1 Nf4 23. Bxf4 Qxf4+ 24. Qxf4 gxf4 25. b3 g5
26. Rd2 Bd5 27. Rg1 Kg7 28. Kc2 Rad8 29. a4 a6 30. c4 bxc4 31. bxc4 Bf3 32.
Kc3 Rb8 33. a5 Be4 34. Bxe4 Rxe4 35. d5 cxd5 36. cxd5 Ra4 37. d6 Ra3+ 38.
Kc4 Rxa5 39. d7 Rd8 40. Rb1 Kf7 41. Rb7 Re5 42. Ra7 a5 43. Rd5 Re2 44. Kc5
Ke7 45. Rd1 a4 46. h3 a3 47. Rxa3 Rxd7 48. Rxd7+ Kxd7 49. Kd5 Rd2+ 50. Ke4
Rxf2 51. Kf5 Rg2 52. Kxf6 Rg3 53. Ra1 Kd6 54. Rd1+ Kc5 55. Kf5 Kc4 56. Ra1
Kd3 57. Ra2 Ke3 58. Rb2 f3 59. Rb3+ Ke2 60. Rb2+ Kf1 0-1

[Event "24th European Teams Women"]
[Site "Budva MNE"]
[Date "2023.11.20"]
[Round "9.15"]
[White "Machlik, Monika"]
[Black "Koljevic, Nikolina"]
[Result "1/2-1/2"]
[WhiteElo "2081"]
[BlackElo "2067"]
[EventDate "2021.11.11"]
[Board "2"]

1. d4 Nf6 2. c4 e6 3. Nc3 Bb4 4. e3 c5 5. Ne2 cxd4 6. exd4 d5 7. c5 O-O 8.
a3 Bxc3+ 9. Nxc3 Nc6 10. Bb5 Ne4 11. O-O Nxc3 12. bxc3 Qa5 13. Qb3 Bd7 14.
Rb1 b6 15. cxb6 Qxb6 16. Bxc6 Qxb3 17. Rxb3 Bxc6 18. Bf4 Rfc8 19. Rc1 a6
20. Kf1 Bb5+ 21. Ke1 Rc4 22. Kd2 f6 23. Bd6 Rac8 24. Rb4 Rxb4 25. cxb4 Rxc1
26. Kxc1 Kf7 27. Kd2 h5 28. Ke3 g5 29. f4 g4 30. g3 f5 31. Kd2 Ba4 32. Kc3
Ke8 33. Bc5 Kd7 1/2-1/2

[Event "24th European Teams Women"]
[Site "Budva MNE"]
[Date "2023.11.20"]
[Round "9.15"]
[White "Skvortsova, Alena"]
[Black "Kyrkjebo, Hanna B."]
[Result "1-0"]
[WhiteElo "2115"]
[BlackElo "1912"]
[EventDate "2021.11.11"]
[Board "3"]

1. e4 e5 2. Nf3 Nc6 3. Bb5 a6 4. Ba4 Nf6 5. O-O b5 6. Bb3 Bc5 7. c3 d6 8.
a4 Rb8 9. d4 Bb6 10. a5 Ba7 11. h3 O-O 12. Be3 Ra8 13. Re1 Bb7 14. Nbd2 h6
15. Bc2 Re8 16. Bb1 exd4 17. cxd4 Nb4 18. Qb3 c5 19. d5 Bb8 20. Ra3 Bc7 21.
Qd1 Bxa5 22. g4 Nd7 23. g5 h5 24. g6 fxg6 25. Bg5 Nf6 26. Nh4 Rf8 27. Nxg6
Rf7 28. Nf4 Qb6 29. Nxh5 Nh7 30. Rg3 Nxg5 31. Rxg5 Qc7 32. Re3 Re8 33. Nxg7
Re5 34. Nf5+ Kf8 35. Qh5 Rexf5 36. Qh8+ Ke7 37. exf5+ Kd7 38. Qe8# 1-0

[Event "24th European Teams Women"]
[Site "Budva MNE"]
[Date "2023.11.20"]
[Round "9.15"]
[White "Kyrkjebo, Marte B."]
[Black "Popovic, Mateja"]
[Result "0-1"]
[WhiteElo "1811"]
[BlackElo "1772"]
[EventDate "2021.11.11"]
[Board "4"]

1. e4 c5 2. Nf3 e6 3. b3 a6 4. c4 Nc6 5. Bb2 Qc7 6. g3 Nge7 7. Bg2 d6 8. d4
cxd4 9. Nxd4 Bd7 10. O-O Nxd4 11. Qxd4 Ng6 12. Nd2 h5 13. h4 Ne5 14. Nf3
Ng4 15. Rad1 O-O-O 16. b4 f6 17. b5 axb5 18. cxb5 Bxb5 19. Rc1 Bc6 20. Qc4
e5 21. Rfd1 Qb6 22. Rc2 Kb8 23. Ne1 g5 24. Bc3 Bb5 25. Qb3 Qa6 26. Rb2 Ba4
27. Qd5 Bxd1 28. Qxd1 gxh4 29. gxh4 Be7 30. Qd5 Rc8 31. Qb3 Qc6 32. Nd3 Bd8
33. Bb4 Bb6 34. a4 Rh7 35. Bf1 Rg7 36. Kh1 Qxe4+ 37. Bg2 Nxf2+ 38. Rxf2
Qxh4+ 39. Kg1 Bxf2+ 40. Nxf2 Rc1+ 41. Nd1 Qd4+ 42. Kh2 Rxd1 0-1

[Event "24th European Teams Women"]
[Site "Budva MNE"]
[Date "2023.11.20"]
[Round "9.16"]
[White "Stojkovska, Monika"]
[Black "Keinanen, Anastasia"]
[Result "1/2-1/2"]
[WhiteElo "2047"]
[BlackElo "2211"]
[EventDate "2021.11.11"]
[Board "1"]

1. d4 Nf6 2. c4 g6 3. Nc3 Bg7 4. e4 d6 5. Nf3 O-O 6. Be2 e5 7. d5 a5 8. h3
Na6 9. Bg5 Nc5 10. Nd2 Bd7 11. a3 a4 12. b4 axb3 13. Nxb3 Na4 14. Nxa4 Bxa4
15. Qd3 b6 16. Nd2 Qe8 17. Bxf6 Bxf6 18. h4 Bd7 19. g4 Qe7 20. Qg3 Bg7 21.
h5 Qg5 22. Qh4 Qxh4 23. Rxh4 Bf6 24. Rh1 Bg5 25. Nf3 Bf4 26. Rg1 Ra4 27.
Nd2 Rfa8 28. Nb1 Kf8 29. hxg6 hxg6 30. Rh1 Kg7 31. Kd1 c6 32. Kc2 cxd5 33.
exd5 f5 34. gxf5 Bxf5+ 35. Kb3 R4a5 36. Nc3 e4 37. Nb5 Be5 38. Ra2 Bd7 39.
Rh4 Bxb5 40. cxb5 Rf8 41. Rxe4 Rxf2 42. Rc2 Kf6 43. a4 Ra8 44. Bg4 Rxc2 45.
Kxc2 Rh8 46. Be6 Rh2+ 47. Kd3 Ra2 48. Rc4 Ra3+ 49. Ke2 Ra2+ 50. Kd3 Ra3+
51. Ke2 Ra2+ 52. Kd3 Ra3+ 53. Ke2 1/2-1/2